Draft technical study on disclosure requirements related to genetic resources and traditional knowledge (Registro nro. 3968)

Detalles MARC
000 -CABECERA
Campo de control 00699nam a2200205 a 4500
005 - FECHA Y HORA DE LA ULTIMA TRANSACCION
Campo de control 20180803165135.0
008 - ELEMENTOS DE LONGITUD FIJA—INFORMACION GENERAL
Campo de control 140312b2003 sz ||||| |||| 00| 0 eng d
040 ## - FUENTE DE CATALOGACIÓN
Agencia catalogadora original CO-BoIAVH
Agencia transcriptora CO-BoIAVH
041 ## - IDIOMA
Código de idioma para texto/pista de sonido o título separado Inglés
044 ## - PAÍS DE PUBLICACIÓN
País de publicación Suiza
082 ## - NUMERO DE CLASIFICACION DECIMAL DEWEY
Número de clasificación 333.9534
Número del ítem W79d
110 1# - ASIENTO PRINCIPAL--NOMBRE CORPORATIVO
Unidad subordinad World Intellectual Property Organization
111 ## - ASIENTO PRINCIPAL--NOMBRE DE REUNION
Nombre de reunión o de jurisdicción como elemento de entrada WIPO General Assembly
Lugar de la reunión Geneva
Fecha de la reunión September 22 to October 1 de 2003
Número de la parte/sección/reunión XVI
245 1# - MENCION DE TITULO
Título Draft technical study on disclosure requirements related to genetic resources and traditional knowledge
260 ## - PUBLICACION, DISTRIBUCION, ETC. (PIE DE IMPRENTA)
Lugar de publicación, distribución, etc. Geneva
Nombre del editor, distribuidor, etc. WIPO
Fecha de publicación, distribución, etc. 2003
300 ## - DESCRIPCION FISICA
Extensión 75 paginas
650 #6 - ASIENTO SECUNDARIO DE MATERIA - TERMINO TEMATICO
Término temático o nombre geográfico como elemento de entrada Recursos genéticos
650 #6 - ASIENTO SECUNDARIO DE MATERIA - TERMINO TEMATICO
Término temático o nombre geográfico como elemento de entrada Conocimiento tradicional
942 ## - ELEMENTOS ADICIONALES (KOHA)
Tipo de ítem Libro
Sistema de clasificación Dewey Decimal Classification
Existencias
Withdrawn status Lost status Sistema de Clasificación Damaged status No para préstamo Colección Inventariado Ubicación Permanente Ubicación actual Fecha de adquisición Fuente de Valor Valor Total Checkouts Número topográfico Inventario / Código de Barras Date last seen Ejemplar Price effective from Forma de adquisición Tipo de material
    Dewey Decimal Classification     General Inventariado 2017 Bogotá Bogotá 01/07/2004 Instituto 15000.00   LB-333.9534 W79d 016313 04/12/2012 Ej. 1 04/12/2012   Libro